00611nam a2200217Ia 4500008004100000020001600041040001400057082002200071100002400093245003500117260003400152300001100186365002600197366000800223505002900231530003000260620001700290630003500307650001600342730003500358100315s9999 xx 000 0 und d a817141499  cENGLISH  b7302 a338.954  a"Srivastava, J.N. " aEconomics Development of India aDELHI bDISCOVERY  c1989  a388   eRupees d1 b0.00  f0  gRamakant Amar Navghare  bDonated by RBI Library   aEconomics.  aEconomics Development of India aECONOMICS  aEconomics Development of India